000 00796nam a22002535i 4500
001 15959
003 ES-MaACL
005 20230906151217.0
007 t|
008 000529s1992 sp a s00100bspa
020 _a84-7846-167-1
080 _a75 Lagar, Celso
080 _a929 Lagar, Celso
100 1 _aAlba, Narciso.
_919193
245 1 0 _aCelso Lagar, aquel maldito de Montparnasse /
_cNarciso Alba.
260 _a[Valladolid] :
_bConsejería de Cultura y Turismo,
_c1992.
300 _a269 p. :
_bil. col. y n. ;
_c31 cm.
490 1 _aMonografías de arte ;
_v1
600 1 4 _aLagar, Celso.
_969554
710 1 _aCastilla y León.
_bConsejería de Cultura y Turismo.
_92499
830 1 _aMonografías de arte ;
_v1
_9179845
852 _aES-MaACL
_jL-23178
999 _c15959
_d15959